000 01929cam a22005417i 4500
001 3121
003 FISKH
005 20240207134946.0
008 130805s2014 nyub j 000 1 eng
010 _a 2013947126
016 7 _a016520630
_2Uk
020 _a9780545522441
020 _a0545522447
020 _a9780545599726
020 _a0545599725
020 _a9780545784184
035 _a(OCoLC)ocn907088903
040 _aNz
_beng
_cNZTHP
_erda
_dOCLCO
_dOCLCF
_dDLC
042 _alccopycat
050 0 0 _aPZ7.S855625
_bHun 2014
082 0 4 _a[Fic]
_223
100 1 _aStiefvater, Maggie,
_d1981-
245 1 0 _aHunted /
_cMaggie Stiefvater.
260 _aNew York :
_bScholastic,
_c2014.
300 _a185 pages :
_bmap ;
_c20 cm.
336 _atext
_btxt
_2rdacontent
337 _aunmediated
_bn
_2rdamedia
338 _avolume
_bnc
_2rdacarrier
490 1 _aSpirit animals ;
_vbook 2
505 _aQ
520 _aFour children have discovered that they have spirit animals, a rare bond between human and animal that has launched them on a quest to save their world. The team heads to the forests of Eura, where another Great Beast is hidden.
521 8 _a670
_bLexile
521 8 _aQ
_bRaz-Plus
650 0 _aFantasy.
650 0 _aHuman-animal relationships
_vJuvenile fiction.
650 0 _aMetamorphosis
_vJuvenile fiction.
650 0 _aParanormal fiction.
650 0 _aQuests (Expeditions)
_vJuvenile fiction.
650 0 _aWolves
_vJuvenile fiction.
650 7 _aHuman-animal relationships.
_2fast
_0(OCoLC)fst00963482
650 7 _aMetamorphosis.
_2fast
_0(OCoLC)fst01018264
650 7 _aParanormal fiction.
_2fast
_0(OCoLC)fst01775199
650 7 _aQuests (Expeditions)
_2fast
_0(OCoLC)fst01085708
650 7 _aWolves.
_2fast
_0(OCoLC)fst01176536
655 7 _aFiction.
_2fast
_0(OCoLC)fst01423787
906 _a7
_bcbc
_ccopycat
_d2
_encip
_f20
_gy-gencatlg
942 _2ddc
_cBK
_n0
999 _c3121
_d3121